00349 a2200121 4500001001000000005001700010008004100027245002100068100002600089700002500115773007000140999001700210ART_4743920260410161607.0260409a 10aBienes de cambio1 aFaccendini, Yanina C.1 aOubiña, Gabriel H.0 tProfesional & Empresariag- Año XIX, Nº 228 (sep. 2018)wREV70 c10237d10237